000 00677nam a22002177a 4500
999 _c17103
_d17103
003 AR-CdUCM
008 190401b ||||| |||| 00| 0 spa d
020 _a84-306-0722-6
040 _aMUNICIPALIDAD PROVINCIAL DEL CUSCO
_cBIBLIOTECA MUNICIPAL DEL CUSCO
082 _a868.67 /
_bJ54
_28 ed.
100 _aJiménez, Juan Ramón
_912934
245 _aPlatero y yo :
_b(Elegía Andaluza) /
260 _aEspaña :
_bTaurus,
_c1973.
300 _a260 paginas ;
_c19 cm.
440 _aTemas de España.
_n1
_936949
505 _aContenido :Platero y yo.
650 _aLiteratura peruana
_9169
650 _aHistorietas
_910786
942 _2ddc
_cLIBROS
945 _arum
_d2019-05-07